Scientific research on the transcendental meditation program collected papers. Vol 1 (Record no. 1375589)

MARC details
000 -LEADER
fixed length control field 00665nam a2200217Ia 4500
005 - DATE AND TIME OF LATEST TRANSACTION
control field 20250508162302.0
008 - FIXED-LENGTH DATA ELEMENTS--GENERAL INFORMATION
fixed length control field 008 250505s9999 xx 000 0 eng d
020 ## - INTERNATIONAL STANDARD BOOK NUMBER
International Standard Book Number 3-88333-001-9
037 ## - SOURCE OF ACQUISITION
Stock number Textual
040 ## - CATALOGING SOURCE
Original cataloging agency FEDL
Language of cataloging eng
Transcribing agency FEDL
041 ## - LANGUAGE CODE
Language code of text/sound track or separate title eng
Source of code eng
084 ## - COLON CLASSIFICATION NUMBER
Classification number 158.12, ORM
Assigning agency FEDL
100 ## - MAIN ENTRY--PERSONAL NAME
Personal name Orme- Johnson David W. Ed.
9 (RLIN) 772745
245 #0 - TITLE STATEMENT
Title Scientific research on the transcendental meditation program collected papers. Vol 1
260 ## - PUBLICATION, DISTRIBUTION, ETC.
Date of publication, distribution, etc. 1977
300 ## - PHYSICAL DESCRIPTION
Extent 727p.
650 ## - SUBJECT ADDED ENTRY--TOPICAL TERM
Topical term or geographic name entry element Applied Psychology
700 ## - ADDED ENTRY--PERSONAL NAME
Personal name Farrow John T. Ed. Domash Lawrence H. Ed.
9 (RLIN) 772746
942 ## - ADDED ENTRY ELEMENTS (KOHA)
Koha item type Textual
Classification part 158.12, ORM
Holdings
Withdrawn status Lost status Damaged status Not for loan Home library Current library Date acquired Total Checkouts Full call number Barcode Date last seen Price effective from Koha item type
        Department of Education Library Department of Education Library 2025-05-08   158.12, ORM EL0065768 2025-05-08 2025-05-08 Textual
Copyright @ Delhi University Library System